Retarding short-term capital inflows through withholding tax
Na minha lista:
| Autor principal: | |
|---|---|
| Formato: | Livro |
| Idioma: | inglês |
| Publicado em: |
Washington
International Monetary Fund
2000
|
| Colecção: | IMF Working Paper
WP/00/40 |
| Assuntos: | |
| Tags: |
Sem tags, seja o primeiro a adicionar uma tag!
|
MARC
| LEADER | 00000nam a2200000 4500 | ||
|---|---|---|---|
| 001 | c124159 | ||
| 005 | 20221221083516.5 | ||
| 041 | 0 | |a eng | |
| 044 | |a US | ||
| 245 | 1 | 0 | |a Retarding short-term capital inflows through withholding tax |c Howell H. Zee |
| 264 | 1 | |a Washington |b International Monetary Fund |c 2000 | |
| 300 | |a 13 s. | ||
| 490 | 1 | |a IMF Working Paper |v WP/00/40 | |
| 830 | 0 | |a IMF Working Paper |v WP/00/40 | |
| 610 | 2 | 0 | |a kapitál |
| 610 | 2 | 0 | |a dane |
| 610 | 2 | 0 | |a kapitál finančný |
| 610 | 2 | 0 | |a zníženie kapitálu |
| 100 | 1 | |a Zee, Howell H. | |